00429 2200169 4500245004900000020002200049250001100071100002600082700001000108650002000118005001900138260003000157041001400187084000800201300004100209336000900250 aPrincess CherrycGhizadhia Amira PutrihText a978-602-420-426-6 aCet. 1 aGhizadhia Amira Putri aNonoy aFiksi Indonesia a20241018140429 aBandungbDAR! Mizanc2017 aIndonesia a813 a104 hlm. :bIlust. ;cIlust.: 21 cm. atext